Skrytá reklama a její problematika
Vznik a vývoj psychológie. Vedecký prístup k psychológii. Význam psychológie. Psychológia v reklame.
Gespeichert in:
| 1. Verfasser: | |
|---|---|
| Format: | Buchkapitel |
| Sprache: | Tschechisch |
| Schlagworte: | |
| Tags: |
Keine Tags, Fügen Sie das erste Tag hinzu!
|
MARC
| LEADER | 00000naa a2200000 4500 | ||
|---|---|---|---|
| 001 | r049544 | ||
| 005 | 20231004101220.7 | ||
| 041 | 0 | |a cze | |
| 044 | |a CZ | ||
| 245 | 1 | 0 | |a Skrytá reklama a její problematika |c Radek Schovánek |
| 520 | |a Vznik a vývoj psychológie. Vedecký prístup k psychológii. Význam psychológie. Psychológia v reklame. | ||
| 610 | 2 | 0 | |a psychológia |
| 610 | 2 | 0 | |a reklama |
| 610 | 2 | 0 | |a história |
| 610 | 2 | 0 | |a propagácia skrytá |
| 100 | 1 | |a Schovánek, Radek | |